01707cam a22004694i 4500003000900000005001700009008004100026020001500067035002700082040003300109082001900142100003400161245005200195264004700247300003800294336002100332337002500353338002300378505060700401526001001008526001001018526001001028526001001038526001001048526000901058526000901067526000901076526000901085526000901094526000901103526000901112526000901121526000901130526000901139526000801148526000801156526000801164526000801172526000801180526000801188650004101196PE-LiUPU20250731170430.0150623s r 000 0 d a0312265441 a(Sirsi) i9780312265441 aPE-LiUPUbspacPE-LiUPUerda04a170.4bS792211 aStein, Harry,d1948-,eautor.10aEthics :band other liabilities /cHarry Stein. 1aNew York, NY :bSt. Martin's Press,c1982. a168 páginas ;c18 centímetros atext2rdacontent aunmediated2rdamedia avolume2rdacarrier0 aAcknowledgments. On becoming Mr. Ethics. Kiss, Kiss, grovel grovel. Uncommon decency. A life in crime. The big a. Racial slurs, ethnic jokes. The rape of the lock. On not turning the other cheek. Psst! heard the latest? Choosing among evils. Just good friends. Thy neighbor's life. The curse of right and wrong. Careless love. Shooting an elephant. Looking hard at number one. To breed or not to breed. Ah, sweet vengeance!. Oh grow up!. Between good and evil. Success and its discontents. Easy money, easy virtue. Feelings will out. The long haul. Living with lies. We're number one. Man and superman. aSEG68 aSEG70 aSEG69 aSEG67 aSEG43 aP144 aP143 aP131 aP122 aP120 aP117 aP112 aP110 aP106 aP101 aP80 aP59 aP54 aP35 aP33 aP3004aÉticaxEnsayos, conferencias, etc.